History Quiz

Random History or Nation Quiz

Country by Picture of Female Leader II Quiz Stats

 Plays Quiz not verified by Sporcle

Score 0/20 Timer 08:00
0 Plays Today
% Correct
Ukraine
80.8%
Canada
73.9%
New Zealand
70.3%
Thailand
67.7%
Denmark
65.3%
Sri Lanka (Ceylon)
62.4%
Latvia
49.2%
Jamaica
45.7%
Croatia
45.4%
Nepal
43.7%
% Correct
Chile
41.1%
Portugal
38.5%
Bangladesh
37.4%
San Marino
31.2%
Nicaragua
29.3%
Costa Rica
27.7%
Guyana
19.1%
Kosovo
17.4%
Panama
16.1%
Marshall Islands
14.4%

You're not logged in!

Compare scores with friends on all Sporcle quizzes.
Join for Free
OR
Log In

You Might Also Like...

Show Comments

Extras

Top Quizzes Today


Score Distribution

Your Account Isn't Verified!

In order to create a playlist on Sporcle, you need to verify the email address you used during registration. Go to your Sporcle Settings to finish the process.

Report this User

Report this user for behavior that violates our Community Guidelines.

Details: